01534aam a2200289 a 4500001001000000003000400010005001700014008004100031010001700072020002500089020002200114040003000136082002200166245009200188260005300280300003500333500002400368504003100392520052000423650003300943653002100976655002400997700003601021942002201057999001701079952014801096015648734OSt20140129161127.0110103t2011 xxua frb 001 0 eng d a2010050476  a9780071637930 (hbk.) a0071637931 (hbk.) aStDuBDSbengcStDuBDSdUk04a621.3824222bFRO00aFrontiers in antennas :bnext generation design & engineering /ceditor Frank B. Gross. aNew York, United States :bMcGraw-Hill,cc.2011. axvii, 526 p. :bill. ;c25 cm. aIndex : p. 503-526. aBibliography : p. 500-502. a"Edited by one of the world's foremost authorities on smart antennas and featuring contributions from global experts, Frontiers in Antennas discusses the latest advances in antenna design and engineering. This pioneering guide deals primarily with frontier antenna designs and frontier numerical methods. Many of the concepts presented have emerged within the last few years and are still in a rapid state of development. Each chapter provides in-depth details on a different unique and modern antenna technology"-- 0aAntennas (Electronics)98918 bElecJanuary2014 vreading book9342321 aGross, Frank B.934982eeditor. 2ddck621.3824 FRO c17992d17964 00102ddc40708BaccahaMAINbMAINc1STd2014-01-29ePurchaseg580.00l1o621.3824 FROp000035539r2025-07-15 00:00:00s2017-11-27v725.00yBB